01715cam a22003734a 4500999001700000001000900017003000400026005001700030008004100047010001700088020003600105020003500141040001800176042000800194043001200202050002800214100002400242245021600266250001200482260008700494300005000581500014700631504006400778650007300842650007300915650004300988700002301031700002401054700002601078710003001104710004801134942003501182952012401217 c18674d1867412162655OSt20170113151053.0000901s2000 ilua bc 001 0 eng  a 00043970  a0300089252 (cloth : alk. paper) a086559189X (pbk. : alk. paper) aDLCcDLCdDLC apcc ae-fr---00aNK1449 b.A1G76 20011 aGroom, Gloria Lynn.10aBeyond the easel :bdecorative paintings by Bonnard, Vuillard, Denis, and Roussel, 1890-1930 /cby Gloria Groom ; with an essay by Nicholas Watkins and contributions by Jennifer Paoletti and Thérèse Barruel. a1st ed. aChicago :bArt Institute of Chicago ;aNew Haven :bYale University Press,cc2001. axiii, 289 p. :bill. (chiefly col.) ;c29 cm. aCatalog of an exhibition held at the Art Institute of Chicago, Feb. 25-May 16, 2001 and the Metropolitan Museum of Art, June 26-Sept. 9, 2001. aIncludes bibliographical references (p. 279-282) and index. 0aDecoration and ornamentzFrancexHistoryy19th centuryvExhibitions. 0aDecoration and ornamentzFrancexHistoryy20th centuryvExhibitions. 0aSymbolism in artzFrancevExhibitions.1 aWatkins, Nicholas.1 aPaoletti, Jennifer.1 aBarruel, Thérèse.2 aArt Institute of Chicago.2 aMetropolitan Museum of Art (New York, N.Y.) 2lcccBOOKShNK1449 .A1G76 2001 00102lcc4070aMUCbMUCcTECHd2017-01-13eDonation(BFA)l0oNK1449 .A1G76 2001p29332r2018-06-27w2017-01-13yBOOKS